Jornadas de ciencias del mar: resúmenes
Salvato in:
| Natura: | Libro |
|---|---|
| Lingua: | spagnolo |
| Pubblicazione: |
Coquimbo
Universidad Católica del Norte
1995
|
| Soggetti: | |
| Tags: |
Aggiungi Tag
Nessun Tag, puoi essere il primo ad aggiungerne!!
|
MARC
| LEADER | 00000nam a2200000 a 4500 | ||
|---|---|---|---|
| 001 | UCU4994 | ||
| 003 | CL-VaPUC | ||
| 005 | 20240910114337.0 | ||
| 008 | 960531e19950000cl 1 spa d | ||
| 082 | 0 | 4 | |a 578.77 |b JOR |2 21 |
| 245 | 1 | 0 | |a Jornadas de ciencias del mar: resúmenes |
| 260 | |a Coquimbo |b Universidad Católica del Norte |c 1995 | ||
| 300 | |a 159 p | ||
| 583 | |a last modification |c 19960531 00:00:00 |k Rodrigo Vera | ||
| 650 | 0 | 0 | |a Biología marina |9 259965 |
| 650 | 0 | 0 | |a Industria pesquera |9 255432 |
| 650 | 0 | 7 | |a CIENCIAS DEL MAR |2 CL-VaPUC |9 261896 |
| 650 | 0 | 0 | |a Ecología marina |9 259946 |
| 650 | 0 | 0 | |a Ecosistemas acuáticos |9 343699 |
| 650 | 0 | 7 | |a PECES |2 CL-VaPUC |9 617791 |
| 650 | 0 | 0 | |a Algas marinas |9 261775 |
| 650 | 0 | 0 | |a Fitoplancton |9 261810 |
| 650 | 0 | 0 | |a Congresos |9 257560 |
| 942 | |c BK | ||
| 945 | |a rleighto |d 19960531 00:00:00 | ||
| 546 | |a En Español | ||
| 518 | |p Jornadas de ciencias del mar, 15, Coquimbo, 24 26 de Mayo de 1995 | ||
| 999 | |c 382645 |d 382643 | ||